000 00601cam a22002053a 4500
001 46081
003 PGUSA
005 20140828084059.0
008 140623s2014||||xxu|||||s|||||000 | eng d
040 _aPGUSA
_beng
042 _adc
100 1 _aLassila, Maiju,
_d1868-1918
245 1 0 _aPekka Puavalj :
_bLuonteenpiirteitä purkupäiviltä
_h[electronic resource] /
_cMaiju Lassila
260 _bProject Gutenberg,
_c2014
506 _aPublic domain in the USA.
516 _aElectronic text
830 0 _aProject Gutenberg
_v46081
856 4 0 _uhttp://www.gutenberg.org/ebooks/46081
942 _cEB
999 _c275330
_d275330